|
|
|
|
| LEADER |
00817cam a2200241 7i4500 |
| 001 |
0000030475 |
| 005 |
20171116090000.0 |
| 008 |
091106 eng |
| 020 |
|
|
|a 9780415440608 (pbk.)
|
| 090 |
0 |
0 |
|a GB451.2
|b .H37 2009
|
| 100 |
1 |
|
|a Haslett, Simon K
|
| 245 |
1 |
0 |
|a Coastal systems
|c Simon K. Haslett.
|
| 250 |
|
|
|a 2nd ed.
|
| 260 |
|
|
|a London:
|b Routledge,
|c 2009.
|
| 300 |
|
|
|a xxii, 216 p.:
|b ill.;
|c 25 cm.
|
| 490 |
0 |
|
|a Routledge introductions to environment series
|
| 504 |
|
|
|a Includes bibliographical references and index
|
| 650 |
0 |
0 |
|a Coastal zone management
|
| 650 |
0 |
0 |
|a Coasts
|
| 650 |
0 |
0 |
|a Coast changes
|
| 997 |
|
|
|a Engineering & Life Sciences, Faculty
|b Engineering, Department
|
| 998 |
|
|
|a Civil Engineering, Degree
|
| 999 |
|
|
|a 0000035076
|b BOK
|c OPEN SHELF
|e 1st Floor, Bestari Jaya
|